Quiz K-pop Albums - Statistiques

Statistiques générales
  • Ce quiz a été pris 53 fois
  • Le résultat moyen est 19 sur 26
Statistiques - réponses
Par images Réponse % Correct
BlackPink
97%
BTS
97%
NewJeans
97%
StrayKids
95%
Aespa
92%
Twice
89%
TXT
89%
Ateez
84%
Babymonster
84%
ILLIT
84%
IVE
84%
Enhypen
81%
EXO
81%
Le Sserafim
81%
Red Velvet
81%
ITZY
78%
I-dle
73%
NMIXX
70%
Seventeen
70%
BigBang
57%
Zerobaseone
54%
P1Harmony
51%
Stayc
46%
WayV
41%
NCT 127
35%
MAMAMOO
32%
Aucun quiz correspondant
Distribution des résultats
% des personnes avec chaque résultat
Percentile par nombre de réponses
Votre historique - résultats
Vous n’avez pas pris ce quiz